Harry Potter Surname Match Quiz Stats

Quiz Updated Sep 7, 2017

Challenge
Share
Tweet
Embed
Score 0/55 Timer 06:00
24 Plays Today
% Correct
Granger
92.2%
Malfoy
92.1%
Snape
91.8%
Longbottom
91.5%
Lovegood
90.7%
Chang
89.8%
Lestrange
89.8%
Diggory
89.4%
Riddle
88.7%
Dursley
88.5%
McGonagall
87.8%
Umbridge
87.7%
Krum
87.4%
Slytherin
86.7%
Potter
86.5%
Pettigrew
86.5%
Patil
85.7%
Skeeter
85.5%
Weasley
85.4%
Lockhart
84.8%
Lupin
84.4%
Hagrid
84.1%
Gryffindor
84%
Crouch
83.7%
Tonks
83.1%
Dumbledore
82.5%
Ravenclaw
82.4%
Fudge
81%
% Correct
Hufflepuff
79.2%
Creevey
79.1%
Finnigan
78.6%
Trelawney
77.9%
Bagshot
77.4%
Brown
77.2%
Moody
76%
Greyback
76%
Shacklebolt
75.7%
Filch
75.1%
Karkaroff
74.8%
Thomas
74.3%
Black
74.2%
Slughorn
73.5%
Fletcher
73.3%
Quirrell
67.2%
Scrimgeour
64.1%
Crabbe
63.7%
Grindelwald
63.3%
Goyle
61.9%
Bulstrode
61.3%
Bagman
61.3%
Flitwick
60.9%
Sprout
60%
Carrow
55.8%
Thicknesse
52.8%
Dippet
51.3%

You're not logged in!

Compare scores with friends on all Sporcle quizzes.
Join for Free
OR
Log In

You Might Also Like...

Show Comments

Extras

Top Quizzes Today


Score Distribution

Your Account Isn't Verified!

In order to create a playlist on Sporcle, you need to verify the email address you used during registration. Go to your Sporcle Settings to finish the process.

Report this User

Report this user for behavior that violates our Community Guidelines.

Details: